Maiores Cidades por Idioma - Statistics

Estatísticas Gerais
  • Esse quiz foi jogado 60 vezes
  • A pontuação média é 14 de 24
Estatísticas das Respostas
Idioma População Cidade % Correto
Francês 15.0 m / 11.4 m Kinshasa / Paris
98%
Russo 18.8 m Moscou
96%
Português 23.0 m São Paulo
96%
Coreano 24.9 m Seul
96%
Japonês 40.8 m Tóquio
96%
Inglês 23.1 m Nova York
91%
Mandarim 20.9 m Pequim
87%
Espanhol 24.9 m Cidade do México
85%
Turco 16.1 m Istambul
84%
Hindi 33.4 m Déli
67%
Árabe 22.2 m Cairo
65%
Italiano 6.10 m Milão
65%
Hebraico 2.93 m Tel Aviv
64%
Servo-Croata 1.44 m Belgrado
51%
Wu 40.0 m Xangai
42%
Bengali 21.3 m Daca
38%
Marati 26.6 m Mumbai
38%
Cantonês 67.8 m Cantão
36%
Iorubá 21.4 m Lagos
36%
Tagalo 26.7 m Manila
33%
Vietnamita 13.5 m Cidade de Ho Chi Minh
27%
Farsi 16.2 m Teerã
27%
Tâmil 12.2 m Chennai
9%
Guzerate 9.30 m Amedabade
5%
Nenhum quiz correspondente encontrado
Distribuição das Pontuações
Porcentagem de Pessoas com Cada Pontuação
Percentil de Números Respondidos
Sua Pontuação Histórica
Você não jogou esse quiz